00522nam a22001457a 450000500170000000800410001702000180005804000100007608200220008610000200010824500730012826000680020130000420026965000650031120260218103610.0260218b |||||||| |||| 00| 0 eng d a9789387791114 cVITAP 223rd Ed.a500 HIN aThe Hindu Group aThe Hindu Speaks on Scientific Facts : VOLUME - Ic/ The Hindu Group aChennaibTHG (The Hindu Group) Publishing Private Limitedc2024 aXVII, 320p. : ill. ; 21cmbVOLUME - I 0aNatural Sciences and Mathematics; Science; Scientific facts